| 000 | 00733nam a2200289Ia 4500 | ||
|---|---|---|---|
| 008 | 161027s9999||||xx |||||||||||||| ||und|| | ||
| 040 | _cHindi | ||
| 082 | _aX.b | ||
| 082 | _bBORI-4930 | ||
| 100 | _ajanab Fezmav Magjneil Moale Ul Alkab | ||
| 245 | _aJain Tirth-Guide | ||
| 260 | _aAhmedabad | ||
| 260 | _bSheth havsilalji Panachandji Sakin | ||
| 260 | _c1967 | ||
| 300 | _a440pp | ||
| 300 | _cB | ||
| 300 | _ehardbound | ||
| 530 | _u00033085.pdf | ||
| 563 | _aText | ||
| 600 | _ajanab Fezmav Magjneil Moale Ul Alkab | ||
| 630 | _aJain Tirth-Guide | ||
| 650 | _aBuddhism & Jainism | ||
| 650 | _ajainism | ||
| 700 | _ajanab Fezmav Magjneil Moale Ul Alkab | ||
| 730 | _aJain Tirth-Guide | ||
| 942 | _cBOOK | ||
| 999 |
_c1400534 _d1400531 |
||